<?xml version="1.0" encoding="UTF-8"?>
<collection xmlns="http://www.loc.gov/MARC21/slim">
<record>
  <controlfield tag="001">170218</controlfield>
  <controlfield tag="005">20260407115449.0</controlfield>
  <datafield tag="024" ind1="7" ind2=" ">
    <subfield code="2">doi</subfield>
    <subfield code="a">10.1016/j.genhosppsych.2026.03.008</subfield>
  </datafield>
  <datafield tag="024" ind1="8" ind2=" ">
    <subfield code="2">sideral</subfield>
    <subfield code="a">148710</subfield>
  </datafield>
  <datafield tag="037" ind1=" " ind2=" ">
    <subfield code="a">ART-2026-148710</subfield>
  </datafield>
  <datafield tag="041" ind1=" " ind2=" ">
    <subfield code="a">eng</subfield>
  </datafield>
  <datafield tag="100" ind1=" " ind2=" ">
    <subfield code="a">González-Robles, Alberto</subfield>
    <subfield code="u">Universidad de Zaragoza</subfield>
    <subfield code="0">(orcid)0000-0002-3749-3756</subfield>
  </datafield>
  <datafield tag="245" ind1=" " ind2=" ">
    <subfield code="a">Mobile app-based psychological interventions for depression and anxiety in primary care: A systematic review and meta-analysis</subfield>
  </datafield>
  <datafield tag="260" ind1=" " ind2=" ">
    <subfield code="c">2026</subfield>
  </datafield>
  <datafield tag="520" ind1="3" ind2=" ">
    <subfield code="a">Objective:
This systematic review and meta-analysis evaluated the effectiveness of mobile app-based psychological interventions in reducing distress (depressive and anxiety symptoms) and improving quality of life among adults in primary care (PC).
Methods: 
We included randomized controlled trials (RCTs) involving adults with depression and/or anxiety identified through searches of PsycINFO, PubMed, Embase, and the Cochrane Library from database inception to April 11, 2025. Standardized mean differences (SMDs) and relative risks (RRs) were pooled using fixed- and random-effects models. Study quality was assessed using the Cochrane Risk-of-Bias 2 tool.
Results:
Eleven RCTs (N = 2915) met inclusion criteria, contributing 15 comparisons to the meta-analysis (N = 2588; intervention vs. treatment as usual). Pooled analyses showed a significant reduction in overall distress (SMD = −0.44; 95% CI –0.68 to −0.21, p &lt; 0.001) and a moderate decrease in depressive symptoms (SMD = −0.53, 95% CI –0.81 to −0.24, p &lt; 0.001). Limited evidence from four comparisons showed no significant effect on anxiety (SMD = −0.25, 95% CI –0.68 to 0.18, p = 0.26). A small but significant improvement in quality of life was found (SMD = 0.16, 95% CI 0.06 to 0.25, p = 0.001). Participants using apps were more likely to drop out at post-treatment than controls (RR = 1.45, 95% CI 1.18 to 1.79, p &lt; 0.001).
Conclusions:
Mobile app-based interventions appear to reduce distress and depressive symptoms and modestly improve quality of life in PC, although no significant effects were observed for anxiety. These findings support the potential role of app-based interventions as accessible tools within primary care. However, the limited and heterogeneous reporting of follow-up assessments restricts conclusions about the durability of these effects over time. Higher dropout rates also highlight the need to improve adherence strategies.</subfield>
  </datafield>
  <datafield tag="506" ind1="0" ind2=" ">
    <subfield code="a">Access copy available to the general public</subfield>
    <subfield code="f">Unrestricted</subfield>
  </datafield>
  <datafield tag="536" ind1=" " ind2=" ">
    <subfield code="9">info:eu-repo/grantAgreement/ES/MCIU/PID2024-156740OA-I00</subfield>
  </datafield>
  <datafield tag="540" ind1=" " ind2=" ">
    <subfield code="9">info:eu-repo/semantics/openAccess</subfield>
    <subfield code="a">by</subfield>
    <subfield code="u">https://creativecommons.org/licenses/by/4.0/deed.es</subfield>
  </datafield>
  <datafield tag="655" ind1=" " ind2="4">
    <subfield code="a">info:eu-repo/semantics/article</subfield>
    <subfield code="v">info:eu-repo/semantics/publishedVersion</subfield>
  </datafield>
  <datafield tag="700" ind1=" " ind2=" ">
    <subfield code="a">Romero-Ferreiro, Verónica</subfield>
  </datafield>
  <datafield tag="700" ind1=" " ind2=" ">
    <subfield code="a">Roca, Pablo</subfield>
  </datafield>
  <datafield tag="700" ind1=" " ind2=" ">
    <subfield code="a">Rodríguez-Jiménez, Tíscar</subfield>
    <subfield code="u">Universidad de Zaragoza</subfield>
  </datafield>
  <datafield tag="700" ind1=" " ind2=" ">
    <subfield code="a">Díaz-García, Amanda</subfield>
    <subfield code="u">Universidad de Zaragoza</subfield>
    <subfield code="0">(orcid)0000-0003-4398-4014</subfield>
  </datafield>
  <datafield tag="710" ind1="2" ind2=" ">
    <subfield code="1">4009</subfield>
    <subfield code="2">680</subfield>
    <subfield code="a">Universidad de Zaragoza</subfield>
    <subfield code="b">Dpto. Psicología y Sociología</subfield>
    <subfield code="c">Área Person.Eval.Trat.Psicoló.</subfield>
  </datafield>
  <datafield tag="773" ind1=" " ind2=" ">
    <subfield code="g">100 (2026), 62-71</subfield>
    <subfield code="p">Gen. hosp. psych.</subfield>
    <subfield code="t">GENERAL HOSPITAL PSYCHIATRY</subfield>
    <subfield code="x">0163-8343</subfield>
  </datafield>
  <datafield tag="856" ind1="4" ind2=" ">
    <subfield code="s">2311509</subfield>
    <subfield code="u">http://zaguan.unizar.es/record/170218/files/texto_completo.pdf</subfield>
    <subfield code="y">Versión publicada</subfield>
  </datafield>
  <datafield tag="856" ind1="4" ind2=" ">
    <subfield code="s">2376313</subfield>
    <subfield code="u">http://zaguan.unizar.es/record/170218/files/texto_completo.jpg?subformat=icon</subfield>
    <subfield code="x">icon</subfield>
    <subfield code="y">Versión publicada</subfield>
  </datafield>
  <datafield tag="909" ind1="C" ind2="O">
    <subfield code="o">oai:zaguan.unizar.es:170218</subfield>
    <subfield code="p">articulos</subfield>
    <subfield code="p">driver</subfield>
  </datafield>
  <datafield tag="951" ind1=" " ind2=" ">
    <subfield code="a">2026-03-26-14:31:56</subfield>
  </datafield>
  <datafield tag="980" ind1=" " ind2=" ">
    <subfield code="a">ARTICLE</subfield>
  </datafield>
</record>
</collection>